| 000 | 00579nam a2200217Ia 4500 | ||
|---|---|---|---|
| 003 | GCL | ||
| 008 | 140319s9999 xx 000 0 eng d | ||
| 040 |
_aGCL / _cGCL |
||
| 082 | 0 | 4 |
_a624.171 _bK S |
| 100 | 1 | _aKUKREJA, C.B. | |
| 245 | 1 | 0 |
_aSTRUCTURAL MECHANICS. VOLUME-1 / _cKUKREJA, C.B. |
| 700 | 1 | _aKUMAR, ARUN | |
| 700 | 1 | _aSGAL, I.C. | |
| 260 |
_a[S.N] : _bSTANDARD PUBLISHERS DISTRIBUTORS ، _c1992 |
||
| 300 | _a500 P | ||
| 650 | 0 | 4 | _aCIVIL ENGINEERING |
| 650 | 0 | 4 | _aLOADS |
| 650 | 0 | 4 | _aMECHANICS ENGINEERING |
| 650 | 0 | 4 | _aSTRUCTURAL ENGINEERING |
| 942 |
_2ddc _cBK |
||
| 999 |
_c20331 _d20331 |
||